<?xml version="1.0" encoding="UTF-8"?>
<collection xmlns="http://www.loc.gov/MARC21/slim">
 <record>
  <leader>01729nam a22003857a 4500</leader>
  <controlfield tag="001">41119</controlfield>
  <controlfield tag="003">BD-DhAAL</controlfield>
  <controlfield tag="008">230427t2004    dcufr p      i0   a0eng d</controlfield>
  <datafield tag="020" ind1=" " ind2=" ">
   <subfield code="a">1589064062</subfield>
  </datafield>
  <datafield tag="040" ind1=" " ind2=" ">
   <subfield code="a">BD-DhAAL</subfield>
   <subfield code="c">BD-DhAAL</subfield>
  </datafield>
  <datafield tag="082" ind1="0" ind2="0">
   <subfield code="a">338.5443</subfield>
   <subfield code="2">23</subfield>
  </datafield>
  <datafield tag="130" ind1="0" ind2=" ">
   <subfield code="a">World economic outlook (International Monetary Fund)</subfield>
   <subfield code="9">54087</subfield>
  </datafield>
  <datafield tag="245" ind1="1" ind2="0">
   <subfield code="a">World economic outlook,</subfield>
   <subfield code="n">September 2004 :</subfield>
   <subfield code="b">the global demographic transition.</subfield>
  </datafield>
  <datafield tag="260" ind1=" " ind2=" ">
   <subfield code="a">Washington, D.C. :</subfield>
   <subfield code="b">International Monetary Fund,</subfield>
   <subfield code="c">c2004.</subfield>
  </datafield>
  <datafield tag="300" ind1=" " ind2=" ">
   <subfield code="a">xii, 287 pages :</subfield>
   <subfield code="b">illustrations ;</subfield>
   <subfield code="c">28 cm.</subfield>
  </datafield>
  <datafield tag="490" ind1="1" ind2=" ">
   <subfield code="a">Occasional paper (International Monetary Fund)</subfield>
  </datafield>
  <datafield tag="490" ind1="1" ind2=" ">
   <subfield code="a">World economic and financial surveys</subfield>
  </datafield>
  <datafield tag="541" ind1=" " ind2=" ">
   <subfield code="a">Donated By Akbar Ali Khan</subfield>
   <subfield code="e">41119</subfield>
  </datafield>
  <datafield tag="650" ind1=" " ind2="0">
   <subfield code="a">Economic development</subfield>
   <subfield code="v">Periodicals.</subfield>
   <subfield code="9">3963</subfield>
  </datafield>
  <datafield tag="650" ind1=" " ind2="0">
   <subfield code="a">International economic relations</subfield>
   <subfield code="v">Periodicals.</subfield>
   <subfield code="9">54088</subfield>
  </datafield>
  <datafield tag="650" ind1=" " ind2="0">
   <subfield code="a">Balance of payments</subfield>
   <subfield code="v">Periodicals.</subfield>
   <subfield code="9">54089</subfield>
  </datafield>
  <datafield tag="650" ind1=" " ind2="0">
   <subfield code="a">International finance</subfield>
   <subfield code="v">Periodicals.</subfield>
   <subfield code="9">54090</subfield>
  </datafield>
  <datafield tag="650" ind1=" " ind2="0">
   <subfield code="a">Economic forecasting</subfield>
   <subfield code="v">Periodicals.</subfield>
   <subfield code="9">54091</subfield>
  </datafield>
  <datafield tag="650" ind1=" " ind2="0">
   <subfield code="a">Economic history</subfield>
   <subfield code="y">1971-1990</subfield>
   <subfield code="v">Periodicals.</subfield>
   <subfield code="9">54092</subfield>
  </datafield>
  <datafield tag="650" ind1=" " ind2="0">
   <subfield code="a">Economic history</subfield>
   <subfield code="y">1990-</subfield>
   <subfield code="v">Periodicals.</subfield>
   <subfield code="9">54093</subfield>
  </datafield>
  <datafield tag="650" ind1=" " ind2="7">
   <subfield code="a">Economic development.</subfield>
  </datafield>
  <datafield tag="653" ind1=" " ind2=" ">
   <subfield code="a">Economic history</subfield>
   <subfield code="a">1977-1990</subfield>
   <subfield code="a">Periodicals.</subfield>
  </datafield>
  <datafield tag="653" ind1=" " ind2=" ">
   <subfield code="a">Economic history</subfield>
   <subfield code="a">1990-</subfield>
   <subfield code="a">Periodicals.</subfield>
  </datafield>
  <datafield tag="710" ind1="2" ind2=" ">
   <subfield code="a">International Monetary Fund.</subfield>
  </datafield>
  <datafield tag="830" ind1=" " ind2="0">
   <subfield code="a">Occasional paper (International Monetary Fund)</subfield>
   <subfield code="9">54094</subfield>
  </datafield>
  <datafield tag="830" ind1=" " ind2="0">
   <subfield code="a">World economic and financial surveys.</subfield>
   <subfield code="9">54095</subfield>
  </datafield>
  <datafield tag="852" ind1=" " ind2=" ">
   <subfield code="a">Ayesha Abed Library</subfield>
   <subfield code="c">Akbar Ali Khan Collection</subfield>
  </datafield>
  <datafield tag="942" ind1=" " ind2=" ">
   <subfield code="2">ddc</subfield>
   <subfield code="c">BK</subfield>
  </datafield>
  <datafield tag="999" ind1=" " ind2=" ">
   <subfield code="c">45688</subfield>
   <subfield code="d">45688</subfield>
  </datafield>
  <datafield tag="952" ind1=" " ind2=" ">
   <subfield code="0">0</subfield>
   <subfield code="1">0</subfield>
   <subfield code="2">ddc</subfield>
   <subfield code="4">0</subfield>
   <subfield code="6">338_544300000000000_WOR</subfield>
   <subfield code="7">1</subfield>
   <subfield code="9">73571</subfield>
   <subfield code="a">BRACUL</subfield>
   <subfield code="b">BRACUL</subfield>
   <subfield code="c">AAKC</subfield>
   <subfield code="d">2023-04-27</subfield>
   <subfield code="e">Donated By Akbar Ali Khan</subfield>
   <subfield code="l">0</subfield>
   <subfield code="o">338.5443 WOR</subfield>
   <subfield code="p">3010041119</subfield>
   <subfield code="r">2023-04-27</subfield>
   <subfield code="t">1</subfield>
   <subfield code="w">2023-04-27</subfield>
   <subfield code="y">BK</subfield>
  </datafield>
 </record>
</collection>
